000 00640nam a22002297a 4500
003 UA-OsUOA
001 97512
007 ta
008 20130402b un ||||| |||| 00| 0 ukr d
100 _aМотринец И.
090 _a821.161.1
_bМ85
942 _cBK
040 _aUA-OsUOA
_brus
_cUA-OsUOA
_dUA-OsUOA
245 _aСамолет не взлетит без стюардессы
_bповесть
300 _a119 с.
955 _a3
041 _arus
080 _a821.161.1
260 _aЛьвов
_bКамэняр
_c1991
650 7 _a82 Література. Літературознавство
_2UDC
999 _c383758
_d383758